000
00336 a2200157 4500
001
64272
020
_a
9788575564448
040
_c
Anchieta - Pituba
100
_a
Macedo, Joaquim Manuel de
240
1
0
_a
A moreninha
_l
por
245
1
0
_a
A moreninha
300
_a
146
362
0
_a
2005
650
4
_a
Ficção brasileira
942
_c
BK
999
_c
64272
_d
64272